000 00826nam a2200265Ia 4500
003 OSt
005 20221006143639.0
006 a|||||r|||| 00| 0
007 ta
008 221006b |||||||| |||| 00| 0 eng d
020 _c280.00
024 _a9,533
037 _cTextual
040 _aEASL
_cEASL
_beng
041 _2eng
_aeng
082 _aX:97.42Om555.N82, M4
100 _aSHIGEYOSHI Tokunaga Ed.
_9650152
245 0 _aIndustrial relations in transition
_b The cases of Japan and the federal republic of Germany
260 _aTokyo
_bUniversity of Tokyo Press Japan
_c1984
300 _a302p.
_ccm.
490 _v JEL
700 _a BERGMANN Joachim Ed.
_9650153
942 _hX:97.42Om555.N82, M4
_cTEXL
_2CC
999 _c1077619
_d1077619